La Goûteuse d’Hitler, Rosella Postorino, Trad. par Dominique Vittoz, Albin Michel, 2019, 400 p., 22 € (notice n° 1627045)
[ vue normale ]
| 000 -LEADER | |
|---|---|
| fixed length control field | 00909cam a2200169 4500500 |
| 005 - DATE AND TIME OF LATEST TRANSACTION | |
| control field | 20260111093715.0 |
| 041 ## - LANGUAGE CODE | |
| Language code of text/sound track or separate title | fre |
| 042 ## - AUTHENTICATION CODE | |
| Authentication code | dc |
| 100 10 - MAIN ENTRY--PERSONAL NAME | |
| Personal name | Bressler, Sylvie |
| Relator term | author |
| 245 00 - TITLE STATEMENT | |
| Title | La Goûteuse d’Hitler, Rosella Postorino, Trad. par Dominique Vittoz, Albin Michel, 2019, 400 p., 22 € |
| 260 ## - PUBLICATION, DISTRIBUTION, ETC. | |
| Date of publication, distribution, etc. | 2019.<br/> |
| 500 ## - GENERAL NOTE | |
| General note | 36 |
| 520 ## - SUMMARY, ETC. | |
| Summary, etc. | Après la révolution iranienne, la souveraineté religieuse, représentée par les Gardiens de la révolution islamique, a pris le dessus sur la souveraineté populaire, qui n’a plus d’organisation. |
| 520 ## - SUMMARY, ETC. | |
| Summary, etc. | After the Iranian revolution, religious sovereignty, represented by the Islamic Revolutionary Guards, overtook popular sovereignty, which has no organisation. |
| 786 0# - DATA SOURCE ENTRY | |
| Note | Esprit | Mars | 3 | 2019-02-28 | p. 137n-178n | 0014-0759 |
| 856 41 - ELECTRONIC LOCATION AND ACCESS | |
| Uniform Resource Identifier | <a href="https://shs.cairn.info/revue-esprit-2019-3-page-137n?lang=fr&redirect-ssocas=7080">https://shs.cairn.info/revue-esprit-2019-3-page-137n?lang=fr&redirect-ssocas=7080</a> |
Pas d'exemplaire disponible.




Réseaux sociaux